000 00523nam a2200181Ia 4500
008 090124s9999 xx 000 0 und d
082 _b38229
100 _aघाणेकर प्र. के.
245 _a सिंहगड
250 _a1
260 _bस्नेहल प्रकाशन
_c1999
300 _a54
600 _aघाणेकर प्र. के.
630 _a सिंहगड
700 _aघाणेकर प्र. के.
730 _a सिंहगड
942 _cBOOK
999 _c104242
_d104242